| 000 | 00455nam a2200181Ia 4500 | ||
|---|---|---|---|
| 001 | 8445 | ||
| 005 | 20260306160610.0 | ||
| 008 | 260306t2004||||xx |||||||||||||| ||spa|| | ||
| 041 | _aESP | ||
| 082 |
_a371.03 _bB38 |
||
| 100 |
_aBello, Manuel _eAUT |
||
| 245 | 0 | _aEducación, reformas y equidad en los países de los Andes y Cono Sur | |
| 260 | _c2004 | ||
| 300 |
_a410 páginas : _ccm. |
||
| 650 | _aGEN | ||
| 654 | _aCED | ||
| 942 |
_cLIB _dJUS _fJUS _2ddc _n |
||
| 999 |
_c8445 _d8445 |
||